Kis matematikusok, intenzív nyelvtanulók
Elmentve itt :
| Szerző: | |
|---|---|
| Dokumentumtípus: | Cikk |
| Megjelent: |
1970-10-09
|
| Sorozat: | Délmagyarország
60 No. 237 |
| Kulcsszavak: | TIT, Tanfolyamok szervezése Szeged 1970 |
| Online Access: | http://dmarchiv.bibl.u-szeged.hu/74492 |
| LEADER | 00496nab a2200157 i 4500 | ||
|---|---|---|---|
| 001 | delm74492 | ||
| 005 | 20180928082552.0 | ||
| 008 | 180928s1970 hu o 0|| hun d | ||
| 040 | |a SZTE Délmagyarország Archívum |b hun | ||
| 041 | |a hun | ||
| 100 | 1 | |a Nikolényi István | |
| 245 | 1 | 0 | |a Kis matematikusok, intenzív nyelvtanulók |h [elektronikus dokumentum] / |c Nikolényi István |
| 260 | |c 1970-10-09 | ||
| 300 | |a 8 | ||
| 490 | 0 | |a Délmagyarország |v 60 No. 237 | |
| 695 | |a TIT, Tanfolyamok szervezése Szeged 1970 | ||